000 00630nam a22001817a 4500
005 20171025104537.0
010 _aENG-121059
020 _c480.00
_a9789383649686
035 _aEN-104591
037 _bDBAD/PUB
082 _a355.6212
100 _aSethi, Sanjay
245 _aCreating best value options in defence procurement :
_cby Sanjay Sethi
_bapplication of operations research in source selection /
260 _aNew Delhi
_bKW Publishers
_c2016
270 _a4676/21, First Floor, Ansari Road, Daryaganj
_bNew Delhi
_e110002
300 _ax,144p.
_c23cm(pbk)
_bill.
942 _2ddc
_cEN
_h355.6216
_mSET
999 _c146817
_d146817